000 00542nam a2200205Ia 4500
008 210210b2013 xxu||||| |||| 00| 0 eng d
020 _a9789382332428
041 _aeng
082 _a510.2465 VEEB
100 _aVEENA (G R)
245 _aBusiness mathematics and statistics
260 _aNew Delhi
_bI K International Publishing House Pvt. Ltd.
_c2013
300 _ax,394
650 _astatistics
650 _amathematics
650 _aBusiness
690 _aBusiness Mathematics
700 _aSAMBARGI (Seema)
906 _a073057
999 _c122836
_d122836